|
|
|
|
| LEADER |
01068nam a2200265 a 4500 |
| 001 |
GR-Patra15171 |
| 008 |
030317s1997 enk e b 001 0 eng d |
| 020 |
|
|
|a 0852968957
|
| 040 |
|
|
|a GrPaTEI
|b gre
|c GR-PaULI
|
| 040 |
|
|
|a GrPaTEI
|b gre
|c GR-PaULI
|
| 082 |
|
0 |
|a 621.310 42
|2 21
|
| 100 |
1 |
|
|a Beauchamp, K.G.
|
| 245 |
1 |
0 |
|a Exhibiting electricity /
|c by K.G. Beauchamp.
|
| 260 |
|
|
|a London :
|b The Institution Of Electrical Engineers,
|c c1997
|
| 300 |
|
|
|a xii, 337σ.
|
| 490 |
1 |
|
|a IEE history of technology series. 21
|
| 504 |
|
|
|a Περιλαμβάνει βιβλιογραφίες και ευρετήριο.
|
| 650 |
|
0 |
|a Electric apparatus and appliances
|
| 650 |
|
0 |
|a Exhibitions
|x History
|
| 710 |
0 |
|
|a IEE
|
| 830 |
|
0 |
|1 00115172
|1 2001
|a IEE history of technology series ;
|v 21
|
| 942 |
|
|
|2 ddc
|
| 952 |
|
|
|0 0
|1 0
|2 ddc
|4 0
|6 621_310000000000000_42_BEA
|7 0
|9 293966
|a LISK
|b LISK
|c BSC
|d 2021-01-17
|e 24
|f 0
|g 0.00
|l 0
|o 621.310 42 BEA
|p 92410017285
|r 2021-01-17 00:00:00
|t 1
|w 2021-01-17
|y BK15
|x 20030317 0 1
|x GrPaTEI
|
| 971 |
|
|
|a .b2662686x
|b 15-04-20
|c 23-09-16
|
| 999 |
|
|
|c 171843
|d 171843
|